000 00594nam a2200181Ia 4500
001 11919
005 20260306162903.0
008 260306t2019||||xx |||||||||||||| ||spa||
041 _aESP
082 _aHR 306.8
_bV. 4 2019 PF
110 _aUniversidad Católica San Pablo. Instituto para el Matrimonio y la Familia
245 0 _aPerspectiva de familia :
_bRevista de investigación del Instituto para el Matrimonio y la Familia de la Universidad Católica San Pablo
260 _c2019
300 _a138 páginas :
_c23 cm.
650 _aGEN
654 _aCED
942 _cREV
_dJUS
_fJUS
_2ddc
_n
999 _c11919
_d11919